| 000 | 00502 a2200169 4500 | ||
|---|---|---|---|
| 003 | Nust | ||
| 005 | 20170207153403.0 | ||
| 040 | _cNust | ||
| 082 | _a005.1 | ||
| 100 | _aKhan , Aisha khalid BESE-07 | ||
| 245 |
_aDesign , implementation and simulation of a unicast routing protocol in mobile ADHOC networks (MANETS) _cAisha Khalid Khan & Roomana Inayat Malik BESE-07 |
||
| 260 |
_bMCS _c2005 |
||
| 300 | _a72 p | ||
| 538 | _aAlmirah No.71 Shelf No.4 | ||
| 650 | _a UG Projects | ||
| 651 | _a UG CS Projects | ||
| 942 | _cTHS | ||
| 999 |
_c185038 _d185038 |
||